000 00834nas a2200265 i 4500
001 555
003 ES-MaACL
005 20250217133822.0
007 t|
008 950801d1929197-xxkm|0p r | ||ng d
022 _a0007-1625
080 _a410
080 _a678(05)
245 0 0 _aBritish plastics
_b: official organ of the Institute of the Plastics Industry.
260 _aLondon :
_bIliffe and Sons,
_c[1929-197-] (
_fThe Baynard Press by Sanders Phillips)
300 _a2 v. :
_bil. col. y n., grab., fot. ;
_c23 cm.
310 _aMensual
362 0 _aV. 1 (1929)
650 1 4 _aIndustrias y profesiones varias
_913745
650 4 _aPlásticos.
_9144551
710 2 _aInstitute of the Plastics Industry (
_cLondres)
_94785
852 _aES-MaACL
_jHem-279
866 0 _o(1946)1947(1948).
999 _c555
_d555